| 000 | 00875cad a22002655a 4500 | ||
|---|---|---|---|
| 001 | L159169 | ||
| 008 | 110131s2016 xxk f 100 0 eng d | ||
| 035 | _a(Sirsi) u159169 | ||
| 041 | 0 | _aeng | |
| 050 | 0 | 4 | _a692.8 |
| 100 | 1 | _aMartin, Joe | |
| 245 | 0 | 0 |
_aFair shares _h[electronic resource] |
| 260 |
_aLondon _bRICS _c2016 |
||
| 490 | 0 |
_aConstruction Journal _vFebruary/March 2016, 6-8(3) |
|
| 520 | _aExplains how the BCIS inflation indices will help mitigate risk on construction projects. | ||
| 590 | _aKA | ||
| 650 | 2 | 4 | _aBCIS |
| 650 | 2 | 4 | _aINFLATION |
| 650 | 2 | 4 | _aPRICE ADJUSTMENT FORMULAE |
| 650 | 2 | 4 | _aCOST INDICES |
| 651 | 4 |
_aUnited Kingdom _y |
|
| 690 | _aBUILT ENVIRONMENT-BUILDING COSTS | ||
| 856 | 4 | 0 |
_uhttps://www.rics.org/Global/Construction_Journal_February-March_2016.pdf _zView the journal free of charge at www.rics.org/journals... |
| 942 | _n0 | ||
| 999 |
_c84819 _d84819 |
||